000
00318nam a2200133Ia 4500
005
20260328104302.0
008
260328s9999||||xx |||||||||||||| ||und||
100
_a
San Agustín
245
0
_a
Confesiones /
_c
San Agustín
260
_b
colección Austral
300
_a
242 p.
650
_a
confesiones
942
_c
BK
999
_c
10619
_d
10619